1269 1333 1499 1779 1299 1219 1920 1451 1505 1584 1714 1808 1120 1325 1389 1431 1998 1358 1344 1707 1666 1991 1734 1927 1248 1440 1672 1683 1636 1454 1848 1684 1650 1340 1178 1637 1973 1428 1068 1944 1866 1278 1632 1330 1969 1292 1670 1660 1017 1313 1046 1038 1577 1724 1822 1963 1051 1225 1202 1952 1341 1987 1219 1331 1647 1432 1594 1712 1937 1818 1104 1445 1021 1839 1226 1394 1033 1578 1027 1490 1553 1368 1391 1318 1516 1086 1916 1776 1202 1161 1404 1996 1936 1691 1482 1638 1102 1181 1085 BCNSPRNW ULIB Ver.6.0+V

เปลี่ยนเป็นภาษาไทย

Change to English
 แสดงรายละเอียดบรรณานุกรม
  กลับหน้าหลัก

Brief Record : Get Marc (ISO 2709) : E-mail record : QR code < ปิดหน้าต่าง
LEADER : 00000nam 2200000uu 4500
001    13399122926
003     ULIB
008    131030s2003||||th 000 0 eng d
020    ^a9241545879
060  4 ^aWQ300^bM266
245 00 ^aManaging complications in pregnancy and childbirth :^ba guide for midwives and doctors /^cWorld Health Organization, Dept. of Reproductive Health and Research
246 30 At head of title :^aIntegrated management of pregnancy and childbirth
260    ^aGeneva :^bWorld Health Organization, Dept. of Reproductive Health and Research,^c2003
500    ^aSend to Single Search
650  0 ^aPregnancy^vHandbooks, manuals, etc
650  0 ^aChildbirth^vHandbooks, manuals, etc
650  2 ^aPregnancy Complications^xdiagnosis^vHandbooks
650  2 ^aDelivery, Obstetric^xmethods^vHandbooks
650  2 ^aLabor, Obstetric^vHandbooks
650  2 ^aPregnancy Complications^xtherapy^vHandbooks
710 20 ^aWorld Health Organization.^bReproductive Health and Research
945    ^p0^l0^i034146
999    ^aเกษร โพธิ์สุวรรณ
รายการนี้ยังไม่มีแท็ก
คุณยังไม่ได้ล็อกอิน คุณสามารถมีกิจกรรมร่วมกับเว็บไซต์ได้ แต่ต้องล็อกอินก่อน ::
  ล็อกอิน

รายการสื่อสารสนเทศ

ลำดับที่ ประเภท เลขเรียก/บาร์โค้ด สถานที่ สถานะ
1. วิทยาศาสตร์การแพทย์ และสุขภาพ
วิทยาศาสตร์การแพทย์ และสุขภาพ
WQ300 M266  
  Barcode: 034146
ห้องสมุดวิทยาเขตสวรรค์ประชารักษ์
►หนังสือทั่วไป
บนชั้น

BibComment


ยังไม่เคยถูกคอมเมนท์

คอมเมนท์ทรัพยากรรายการนี้
  คอมเมนท์: Managing complic..


 Copyright 2026. Bcnsprnw @Library